Sobre la Real Academia de la Lengva Vasca: Evskaltzaindia

Saved in:
Bibliografiske detaljer
Format: Bog
Sprog:spansk
Udgivet: Bilbao Ministerio de Educación y Ciencia 1976
Fag:
Tags: Tilføj Tag
Ingen Tags, Vær først til at tagge denne postø!

MARC

LEADER 00000nam a2200000 a 4500
001 UCK4630
003 CL-VaPUC
008 050617e19760000SP |||||||||||||||||spa|d
082 0 4 |a 467.6  |b SOB  |2 21 
245 1 0 |a Sobre la Real Academia de la Lengva Vasca: Evskaltzaindia 
300 |a Pág. irreg 
942 |c BK 
945 |d 20050617 00:00:00  |a cmena 
260 |a Bilbao  |b Ministerio de Educación y Ciencia  |c 1976 
600 0 7 |a REAL ACADEMIA DE LA LENGUA VASCA  |2 CL-VaPUC  |9 493203 
650 0 |a Historia lingüística  |9 419992 
650 0 |a Vascos  |9 376966 
650 0 |a Investigación lingüística  |9 329785 
583 |a last modification  |c 20050617 00:00:00  |k Rodrigo Vera 
999 |c 313452  |d 313450 
952 |0 0  |1 0  |4 0  |6 467_600000000000000_SOB_1976  |7 0  |8 X  |9 384791  |a BIBEDU  |b BIBEDU  |d 2019-11-22  |i 4100670  |o 467.6 SOB 1976  |p 4100670  |r 2023-01-13  |w 2019-11-22  |y BK_X  |k LIT